000 00863nas a2200289 4500
001 BR2013000227
003 BR-BrBNA
005 20231205122014.0
007 ta
008 230509b bl.|||p| |||| 00| 00por d
040 _aBR-BrBNA
_bpor
_cBiblioteca Nacional de Agricultura
041 _a(Pt)
072 _aF40; F70; F30
100 1 _aCaires, C.S.
100 1 _aBezerra-Gomes, K.M.
100 1 _aProença, C.E.B.
245 1 _aNovos sinônimos e uma nova combianção em Pusillanthus (Loranthaceae)
650 _aBRASIL
650 _aBOTÂNICA
650 _aLORANTHACEAE
650 _aTAXONOMIA VEGETAL
650 _aVARIAÇÃO GENÉTICA
650 _aFOLHA
773 0 _tActa Botanica Brasilica (Brazil)
_xISSN 0102-3306
_g(Jul-Sep 2012), v. 26(3) p. 668-674
_wBR2013000227
909 _a202311
_bLúcia
_c55
_dLúcia Elande
942 _2AGRIS
_n0
_cANA
999 _c226406
_d226406